|
|
|
|
| LEADER |
00000nam a22000007a 4500 |
| 005 |
2021041902052.0 |
| 007 |
cr|||| |||| |
| 008 |
210419s2020 cr |||||s|||| 00||0 spa d |
| 020 |
|
|
|a 978-9930-589-07-6
|
| 035 |
|
|
|a 33171
|
| 040 |
|
|
|a vLex
|
| 090 |
|
|
|c 11476
|d 11476
|
| 245 |
0 |
0 |
|a Dil̀ogos de Polt̕ica Pb︢lica post ingreso de Costa Rica a la Organizacin̤ para la Cooperacin̤ y el Desarrollo Econm̤icos (OCDE)
|h [Recurso electrn̤ico] /
|
| 256 |
|
|
|a Servicio en ln̕ea
|
| 260 |
|
|
|a San Jos:̌
|b LEAD University,
|c 2020
|
| 300 |
|
|
|a 1 recurso electrn̤ico
|
| 500 |
|
|
|a El ingreso de Costa Rica a la OECD abre grandes oportunidades para Costa Rica y contribuye a fortalecer la confianza en el pas̕ y modernizar el Estado, sobre la base de mejores prc̀ticas internacionales. Por ello, en LEAD University abrimos un espacio para generar conocimiento y discusin̤ sobre las nuevas oportunidades que surgen del ingreso de Costa Rica a la OCDE; los compromisos que asume el pas̕ con la competencia, la productividad y el crecimiento econm̤ico inclusivo; la implementacin̤ de mejoras en el sistema educativo costarricense y el impulso a las reformas financieras, hasta llegar a conformar una hoja de ruta seria y de claro compromiso con el gobierno, el sector privado y la sociedad en general, para la implementacin̤ efectiva de los compromisos de la OCDE.
|
| 506 |
1 |
|
|a Disponible solo en los productos indicados
|d vLex Global
|d vLex Global (Academic Edition, excluding Law Schools)
|d vLex Global (U.S. Academic Edition, Law Schools)
|d vLex Global (U.S. Academic Edition, excluding Law Schools)
|d vLex Global (Academic Edition, Law Schools)
|
| 650 |
0 |
4 |
|a Derecho Pb︢lico y Administrativo
|z Costa Rica
|
| 740 |
0 |
|
|a vLex Libros (Servicio en ln̕ea)
|
| 856 |
4 |
0 |
|u https://vlex.com/source/dialogos-de-politica-publica-post-ingreso-de-costa-rica-a-la-organizacion-para-la-cooperacion-y-el-desarrollo-economicos-ocde--33171
|z Acceso restringido
|
| 942 |
|
|
|c BOOK
|
| 999 |
0 |
|
|a Public and Administrative Law
|